[Event "Stay Safe Play From Home 296"]
[Site "Emanuel Lasker Arena"]
[Date "2020.07.12"]
[Round "9"]
[White "W Nelles"]
[Black "Buzaglo"]
[Result "0-1"]
[WhiteElo "1119"]
[BlackElo "1888"]
[Annotator "NA RC"]
[PlyCount "70"]
[EventDate "2020.07.12"]
[EventType "swiss (blitz)"]

1. e4 {[%emt 0:00:01]} e6 {[%emt 0:00:00]} 2. Nf3 {[%emt 0:00:01]} d6 {[%emt 0:00:00]} 3. Nc3 {[%emt 0:00:01]} Nf6 {[%emt 0:00:01]} 4. d3 {[%emt 0:00:01]} e5 {[%emt 0:00:00]} 5. Bg5 {[%emt 0:00:01]} Bg4 {[%emt 0:00:01]} 6. Be2 {[%emt 0:00:01]} Be7 {[%emt 0:00:00]} 7. O-O {[%emt 0:00:01]} Bh5 {[%emt 0:00:01]} 8. h3 {[%emt 0:00:01]} Bg6 {[%emt 0:00:01]} 9. g4 {[%emt 0:00:01]} h6 {[%emt 0:00:00]} 10. Bxf6 {[%emt 0:00:02]} Bxf6 {[%emt 0:00:00]} 11. Nh2 {[%emt 0:00:01]} Be7 {[%emt 0:00:01]} 12. Nd5 {[%emt 0:00:01]} Nd7 {[%emt 0:00:03]} 13. c4 {[%emt 0:00:01]} c6 {[%emt 0:00:01]} 14. Nxe7 {[%emt 0:00:02]} Qxe7 {[%emt 0:00:00]} 15. b4 {[%emt 0:00:01]} O-O-O {[%emt 0:00:01]} 16. a4 {[%emt 0:00:02]} d5 {[%emt 0:00:01]} 17. cxd5 {[%emt 0:00:02]} cxd5 {[%emt 0:00:00]} 18. Rc1+ {[%emt 0:00:02]} Kb8 {[%emt 0:00:01]} 19. Qb3 {[%emt 0:00:02]} Nb6 {[%emt 0:00:01]} 20. a5 {[%emt 0:00:02]} Nc8 {[%emt 0:00:03]} 21. exd5 {[%emt 0:00:02]} Qd6 {[%emt 0:00:02]} 22. Bf3 {[%emt 0:00:03]} f5 {[%emt 0:00:03]} 23. b5 {[%emt 0:00:03]} e4 {[%emt 0:00:02]} 24. dxe4 {[%emt 0:00:01]} fxe4 {[%emt 0:00:00]} 25. Bg2 {[%emt 0:00:03]} Qxd5 {[%emt 0:00:01]} 26. Qxd5 {[%emt 0:00:01]} Rxd5 {[%emt 0:00:00]} 27. b6 {[%emt 0:00:03]} axb6 {[%emt 0:00:01]} 28. axb6 {[%emt 0:00:02]} Nxb6 {[%emt 0:00:00]} 29. f4 {[%emt 0:00:02]} exf3 {[%emt 0:00:01]} 30. Bxf3 {[%emt 0:00:01]} Rb5 {[%emt 0:00:03]} 31. Rfd1 {[%emt 0:00:04]} Rc8 {[%emt 0:00:02]} 32. Rxc8+ {[%emt 0:00:02]} Nxc8 {[%emt 0:00:00]} 33. Rd7 {[%emt 0:00:03]} Rb1+ {[%emt 0:00:04]} 34. Kf2 {[%emt 0:00:02]} Rb2+ {[%emt 0:00:00]} 35. Kg3 {[%emt 0:00:01]} Rb3 {[%emt 0:00:01] Zeit (Lag: Av=0.72s, max=4.6s)} 0-1